La innovacin̤ pb︢lica en las Administraciones locales

Detalles Bibliográficos
Autor principal: Mairal Medina, Pilar
Formato: eBook
Lenguaje:español
Publicado: Madrid: Instituto Nacional de Administracin̤ Pb︢lica (INAP), 2021
Materias:
Acceso en línea:Acceso restringido

MARC

LEADER 00000nam a22000007a 4500
005 20220307215037.0
007 cr|||| ||||
008 220307s2021 es |||||s|||| 00||0 spa d
020 |a 978-84-7351-726-3 
035 |a 35531 
040 |a vLex 
090 |c 13065  |d 13065 
100 1 |a Mairal Medina, Pilar 
245 1 2 |a La innovacin̤ pb︢lica en las Administraciones locales  |h [Recurso electrn̤ico] /  |c Pilar Mairal Medina 
256 |a Servicio en ln̕ea 
260 |a Madrid:  |b Instituto Nacional de Administracin̤ Pb︢lica (INAP),  |c 2021 
300 |a 1 recurso electrn̤ico 
506 1 |a Disponible solo en los productos indicados  |d vLex Global  |d vLex Global (Academic Edition, excluding Law Schools)  |d vLex Global (U.S. Academic Edition, Law Schools)  |d vLex Global (U.S. Academic Edition, excluding Law Schools)  |d vLex Global (Academic Edition, Law Schools) 
650 0 4 |a Derecho Pb︢lico y Administrativo  |z Espaą 
740 0 |a vLex Libros (Servicio en ln̕ea) 
856 4 0 |u https://app.vlex.com/#/sources/35531  |z Acceso restringido 
942 |c BOOK 
999 0 |a Public and Administrative Law